[Event "37th Belgrade Trophy 2024"]
[Site "Belgrade"]
[Date "2024.11.23"]
[Round "7"]
[White "Xie, Jianjun"]
[Black "Zmijanac, Dusko"]
[Result "1-0"]
[WhiteElo "2361"]
[BlackElo "2033"]
[Annotator "TA"]
[PlyCount "109"]
[EventDate "2024.11.23"]
[EventCountry "SRB"]
[SourceTitle "playchess.com"]
[Source "ChessBase"]
[SourceQuality "1"]
[TimeControl "40/5400+30:900+30"]

{[%evp 14,109,22,23,34,26,60,69,74,75,85,78,75,75,91,79,93,80,182,143,160,125,128,125,131,120,126,111,121,120,140,143,144,133,139,111,104,106,171,188,166,116,103,55,52,55,59,48,62,60,54,56,106,108,104,85,195,212,197,173,176,177,255,187,271,271,271,271,271,271,487,439,727,716,1079,995,5069,3755,29961,29960,29967,29968,29973,29974,29980,29981,29981,29982,29981,29982,29982,29983,29986,29987,29987,29988,29988,29988]} 1. e4 e6 2. d4 d5 3. Nc3 Nf6 4. Bg5 Be7 5. e5 Nfd7 6. h4 h6 7. Bxe7 Qxe7 8. f4 a6 9. Qg4 f5 10. exf6 Nxf6 {White is slightly better.} 11. Qg6+ Qf7 12. Qxf7+ Kxf7 13. Nf3 Rf8 14. Ne5+ Kg8 15. g3 c5 16. dxc5 Nc6 17. Nxc6 bxc6 18. O-O-O a5 19. Bh3 Re8 20. Rde1 a4 21. Re5 Kf7 {[#]} 22. Rhe1 $1 {White is much more active.} Ra5 {[%cal Ba8a5,Ba5c5,Bc5c4,Bc4e4][%mdl 32]} 23. a3 g6 24. Nd1 Rxc5 25. Nf2 Bd7 (25... Rb5 $16 {is a better defense.}) 26. Nd3 $18 Rc4 27. R5e3 (27. Bg2 $18) 27... Re4 $16 28. Ne5+ (28. Nc5 $16 {[%cal Re3e4]} Rxe3 29. Rxe3) 28... Ke7 $14 {[%cal Bf7e7,Be7d6,Bd6d7][%mdl 32]} 29. Nxg6+ Kd6 30. Ne5 $36 {[%mdl 2048] Nf7+ is the strong threat. Black is under pressure.} Rg8 {[%cal Og8g3]} 31. Bg2 Rxe3 32. Rxe3 Nh5 {[#] White leaves nothing to chance now.} (32... d4 $14 33. Rd3 c5) 33. Nxd7 $1 $16 (33. Nf7+ Ke7 34. Nxh6 Rg6 35. Nf5+ Kf6 $17) 33... Kxd7 {[%mdl 4096] Endgame. KRB-KRN} 34. Bh3 {[%cal Bg2h3,Bh3e6,Be6g4,Bg4f3][%mdl 32]} Rxg3 (34... Re8 $16 {might work better.}) 35. Bxe6+ $18 (35. Rxe6 $2 {loses.} Rxh3 36. Rxh6 Nxf4 (36... Rxh4 $2 37. Rh7+ Ke6 38. Rh6+ Kf5 39. Rxc6 $19) 37. Rh7+ Kd6 $19) 35... Kd6 36. Rxg3 Nxg3 {KB-KN} 37. Bg4 h5 (37... Nf1 {was necessary.} 38. b3 axb3) 38. Bf3 Nf5 (38... Ke6 $142 39. Kd2 Nf5) 39. Bxh5 Nxh4 40. Kd2 Ng2 41. f5 c5 $2 (41... Ke7 42. b3 d4 43. bxa4 Ne3) 42. Be8 Ke5 (42... Nh4 $142 43. f6 (43. Bxa4 Nxf5 44. Be8 Nh4 $15) 43... Nf5) 43. Bxa4 Kxf5 44. Bc6 Ke5 45. c4 Nf4 46. cxd5 {White mates.} Kd4 47. a4 {[%cal Ba3a4,Ba4a5,Ba5a6][%mdl 32]} c4 48. a5 Kc5 49. a6 Kb6 50. Bb7 Nd3 51. Kc3 Ne5 52. d6 {[%cal Bd5d6,Bd6d7][%mdl 32]} Nf7 53. d7 (53. Kxc4 Nxd6+ 54. Kd4 Nf5+ 55. Kc3 Nd6 $14) 53... Kc7 54. Bd5 Nd6 55. Kb4 {Weighted Error Value: White=0.07 (flawless) /Black=0.38.  Mistake:       	White=2     	Black=8      Inaccurate:     	---       	Black=2      OK:         	White=18    	Black=9      Best:        	White=4     	Black=5      Strong:       	White=2     	---} 1-0

[Event "37th Belgrade Trophy 2024"]
[Site "Belgrade"]
[Date "2024.11.23"]
[Round "7"]
[White "Pavlovic, Luka"]
[Black "Kostic, Milutin B"]
[Result "1-0"]
[WhiteElo "2088"]
[BlackElo "2029"]
[Annotator "RC"]
[PlyCount "103"]
[EventDate "2024.11.23"]
[EventCountry "SRB"]
[SourceTitle "playchess.com"]
[Source "ChessBase"]
[SourceQuality "1"]

1. e4 c6 2. d4 d5 3. e5 Bf5 4. Nd2 e6 5. Nb3 Nd7 6. f4 h5 7. Nf3 Nh6 8. Bd3 Qb6 9. Bxf5 Nxf5 10. c3 c5 11. Qe2 Be7 12. dxc5 Nxc5 13. Nbd4 Nxd4 14. Nxd4 g6 15. Be3 Qc7 16. O-O O-O 17. g4 h4 18. Nf3 Nd7 19. Qf2 Bc5 20. Nxh4 Bxe3 21. Qxe3 Qc5 22. Rae1 Kh7 23. f5 gxf5 24. gxf5 Rg8+ 25. Kh1 Qxe3 26. Rxe3 Rg4 27. fxe6 fxe6 28. Rf7+ Rg7 29. Rxg7+ Kxg7 30. Nf3 Kg6 31. Nd4 Kf7 32. Kg2 Rg8+ 33. Kf2 Nc5 34. Rh3 Rg5 35. Nf3 Rg7 36. Ke3 Na4 37. Nd4 Nxb2 38. Rh6 Nc4+ 39. Kf4 Rg2 40. Rh7+ Kg6 41. Rxb7 Rxa2 42. Nxe6 Rf2+ 43. Kg3 Rc2 44. Rg7+ Kh6 45. Rxa7 Nxe5 46. Rc7 Nc4 47. Nf8 Kg5 48. h4+ Kf6 49. Nh7+ Kg6 50. Kf4 Rxc3 51. h5+ Kxh5 52. Nf8 1-0

[Event "37th Belgrade Trophy 2024"]
[Site "Belgrade"]
[Date "2024.11.23"]
[Round "7"]
[White "Dimitrijevic, Dusan"]
[Black "Taskovic, Stefan"]
[Result "1/2-1/2"]
[WhiteElo "2079"]
[BlackElo "1911"]
[Annotator "NA RC"]
[PlyCount "110"]
[EventDate "2024.11.23"]
[EventCountry "SRB"]
[SourceTitle "playchess.com"]
[Source "ChessBase"]
[SourceQuality "1"]
[TimeControl "40/5400+30:900+30"]

1. Nf3 Nf6 2. g3 b6 3. Bg2 Bb7 4. O-O e6 5. c4 c5 6. Nc3 Be7 7. Re1 O-O 8. e4 d6 9. d4 cxd4 10. Nxd4 Qd7 11. b3 Nc6 12. Nf3 Rfd8 13. Bb2 Ng4 14. Qe2 Bf6 15. Rad1 a6 16. Rd2 Qc7 17. Red1 Nge5 18. Nxe5 dxe5 19. Rxd8+ Rxd8 20. Rxd8+ Qxd8 21. Qd1 Nd4 22. Kf1 Be7 23. Ne2 Nc6 24. Qxd8+ Bxd8 25. Nc1 Be7 26. Nd3 f6 27. f4 exf4 28. gxf4 Nb4 29. Nxb4 Bxb4 30. e5 Bxg2+ 31. Kxg2 f5 32. Bd4 b5 33. cxb5 axb5 34. Bb6 Kf7 35. a4 bxa4 36. bxa4 Ke8 37. a5 Kd7 38. a6 Kc8 39. Kf3 h6 40. h4 g6 41. Ke2 Be7 42. Bf2 g5 43. fxg5 hxg5 44. h5 Bf8 45. Kd3 Bh6 46. Kc4 Bg7 47. Kc5 Kc7 48. a7 Bf8+ 49. Kb5 Kb7 50. Kc4 Bh6 51. Bc5 Bg7 52. Kd3 g4 53. Bd4 Bh6 54. Ke2 f4 55. Kf2 Bg7 1/2-1/2

[Event "37th Belgrade Trophy 2024"]
[Site "Belgrade"]
[Date "2024.11.23"]
[Round "7"]
[White "Bjelanovic, Mile"]
[Black "Liang, Junzhe"]
[Result "0-1"]
[WhiteElo "2041"]
[BlackElo "1778"]
[Annotator "NA RC"]
[PlyCount "78"]
[EventDate "2024.11.23"]
[EventCountry "SRB"]
[SourceTitle "playchess.com"]
[Source "ChessBase"]
[SourceQuality "1"]

1. e4 c5 2. Nf3 e6 3. d3 Nc6 4. g3 d5 5. Qe2 Nf6 6. Bg2 Be7 7. e5 Nd7 8. O-O O-O 9. c4 dxc4 10. dxc4 Qc7 11. Bf4 Rd8 12. Nc3 Nf8 13. Rfe1 Ng6 14. Bc1 Nb4 15. Qe4 Bd7 16. Bf4 Bc6 17. Qe2 Nxf4 18. gxf4 Nd3 19. Qe3 Nxe1 20. Rxe1 Re8 21. Ne4 Bxe4 22. Qxe4 Rad8 23. h4 Qc6 24. Qc2 Qd7 25. Bf1 f5 26. Kh2 Kh8 27. Kg3 Rg8 28. Be2 g6 29. Qc3 h6 30. Rh1 Rg7 31. a3 Kg8 32. b4 g5 33. fxg5 hxg5 34. h5 g4 35. h6 gxf3+ 36. hxg7 fxe2 37. Qc1 Qd2 38. Qxd2 Rxd2 39. Re1 cxb4 0-1

[Event "37th Belgrade Trophy 2024"]
[Site "Belgrade"]
[Date "2024.11.23"]
[Round "7"]
[White "Vulinovic, Radivoje"]
[Black "Andjelkovic, Milija"]
[Result "1-0"]
[WhiteElo "2040"]
[BlackElo "1792"]
[Annotator "NA RC"]
[PlyCount "115"]
[EventDate "2024.11.23"]
[EventCountry "SRB"]
[SourceTitle "playchess.com"]
[Source "ChessBase"]
[SourceQuality "1"]

1. Nf3 Nf6 2. g3 d5 3. Bg2 Nc6 4. d4 Bf5 5. c4 e6 6. Qa4 Qd7 7. Nc3 Nb4 8. Qxd7+ Nxd7 9. O-O Nc2 10. Rb1 Nb4 11. e4 dxe4 12. Nh4 Nf6 13. Bg5 Be7 14. a3 Nc6 15. Nb5 O-O-O 16. d5 Ne5 17. Nxf5 exf5 18. Bf4 a6 19. Na7+ Kb8 20. Bxe5 Kxa7 21. Bxc7 Rd7 22. Be5 Rc8 23. b3 g6 24. f3 Bc5+ 25. Kh1 exf3 26. Bxf3 Ng4 27. Bxg4 fxg4 28. b4 Be3 29. Rfe1 Bg5 30. Re4 f5 31. Rd4 b6 32. a4 Re7 33. Bd6 Rd7 34. c5 Bf6 35. Rdd1 Rcd8 36. a5 Rxd6 37. cxd6 Rxd6 38. Rb3 b5 39. Re3 Rd7 40. Re6 Bc3 41. d6 Kb8 42. Re7 Rd8 43. d7 Bxb4 44. Re6 Ka7 45. Kg2 Bxa5 46. Ra1 Bb6 47. Rd1 a5 48. Kf1 b4 49. Ke2 Kb7 50. Rdd6 Bc7 51. Rd5 Ka7 52. Kd3 Rb8 53. Rc5 Bd8 54. Rc8 b3 55. Rxb8 Kxb8 56. Rc6 Kb7 57. Rc8 Bf6 58. d8=Q 1-0

[Event "37th Belgrade Trophy 2024"]
[Site "Belgrade"]
[Date "2024.11.23"]
[Round "7"]
[White "Poleksic, Dusan"]
[Black "Sutormin, Danila"]
[Result "0-1"]
[WhiteElo "1998"]
[BlackElo "2394"]
[Annotator "TA"]
[PlyCount "42"]
[EventDate "2024.11.23"]
[EventCountry "SRB"]
[SourceTitle "playchess.com"]
[Source "ChessBase"]
[SourceQuality "1"]

{[%evp 11,42,-34,-25,-53,-52,-53,-46,-52,-39,-50,-51,-59,-34,-15,0,-63,-54,-99,-93,-98,-88,-110,-118,-197,-191,-422,-347,-534,-496,-577,-589,-680,-665]} 1. d4 Nf6 2. c4 e6 3. Nc3 Bb4 4. f3 c5 5. a3 Bxc3+ 6. bxc3 d6 7. e3 Nc6 8. Bd3 b6 9. Ne2 {Black is slightly better.} Na5 10. O-O Ba6 11. e4 Qc7 12. f4 cxd4 (12... Bxc4 $6 13. Bxc4 Nxc4 14. Qa4+ Qd7 15. Qxc4 $16) 13. cxd4 ({White should play} 13. e5 $1 $11 Nd7 14. exd6 Qxd6 15. cxd4) 13... Bxc4 $15 14. e5 dxe5 15. fxe5 Nd5 16. Bxc4 Qxc4 17. Ng3 (17. Rf3 $17) 17... Nb3 $19 18. Nh5 $2 {[#]} (18. Ne4 O-O (18... Nxa1 $2 19. Nd6+ Kd8 20. Nxc4 $18) (18... Qxd4+ 19. Qxd4 Nxd4 20. Nd6+ Kd7 21. Rxf7+ Kc6 22. Bd2 $16) 19. Nd6 Qxd4+ 20. Qxd4 Nxd4 21. Bb2 Ne2+ 22. Kh1) 18... O-O-O (18... Qxd4+ 19. Qxd4 Nxd4 20. Nxg7+ Kf8 21. Bh6 $11) 19. Ra2 (19. Bg5 $142 Rd7 (19... Qxd4+ $2 20. Qxd4 Nxd4 21. Bxd8 $18) (19... Nc3 20. Qf3 $19) 20. Rb1 Nxd4 (20... Qxd4+ 21. Qxd4 Nxd4 22. Nxg7 $17) 21. Kh1) 19... Nc3 {Excellent horsemanship. Black is clearly winning.} (19... Qxd4+ 20. Qxd4 Nxd4 21. Nxg7 $17) 20. Qf3 Kb8 {Prevents Qa8+. Active counter play!} ({Not} 20... Nxa2 21. Qa8+ Kd7 22. Qb7+ (22. Rxf7+ Ke8 $15) 22... Qc7 23. Rxf7+ Ke8 24. Qxc7 Nbxc1 25. Nxg7#) ({And not} 20... Qxd4+ 21. Be3 Qxe5 22. Rc2 $11 (22. Qa8+ Qb8 $11)) 21. Rc2 Nxd4 {Weighted Error Value: White=0.68/Black=0.17 (very precise) .  Mistake:       	White=4     	---        Inaccurate:     	White=1     	---        OK:         	White=4     	Black=6      Best:        	---       	Black=2} ({Less strong is} 21... Qxd4+ 22. Kh1 Nxc1 23. Rcxc1 $17) 0-1

[Event "37th Belgrade Trophy 2024"]
[Site "Belgrade"]
[Date "2024.11.23"]
[Round "7"]
[White "Bozinovic, Boban"]
[Black "Gevorgyan, David Sh."]
[Result "0-1"]
[WhiteElo "1932"]
[BlackElo "2247"]
[Annotator "RC"]
[PlyCount "90"]
[EventDate "2024.11.23"]
[EventCountry "SRB"]
[SourceTitle "playchess.com"]
[Source "ChessBase"]
[SourceQuality "1"]

1. e4 e5 2. Nf3 Nc6 3. d4 exd4 4. Nxd4 Bc5 5. Nxc6 bxc6 6. Bd3 d6 7. Nc3 Qh4 8. Qf3 Ne7 9. Qf4 Qxf4 10. Bxf4 Rb8 11. O-O Ng6 12. Bc1 O-O 13. h3 Be6 14. b3 Bd4 15. Bd2 Ne5 16. Be2 f5 17. exf5 Bxf5 18. Rac1 Bc5 19. a4 Bg6 20. Nd1 Nd7 21. Be3 Rbe8 22. Bg4 Bxe3 23. Nxe3 Nf6 24. Bf5 Bxf5 25. Nxf5 c5 26. Rcd1 Re2 27. Ne3 Ne4 28. Nd5 Rxc2 29. Nxc7 Rb2 30. Nb5 Rf6 31. Rd3 a6 32. Nc7 Nd2 33. Rd1 Nxb3 34. f3 Nd4 35. Nd5 Re6 36. Nf4 Re8 37. R3d2 Rxd2 38. Rxd2 Re1+ 39. Kf2 Ra1 40. Rb2 Rxa4 41. Rb7 c4 42. Ke3 c3 43. g4 Nc2+ 44. Kd3 Ne1+ 45. Ke2 Rxf4 0-1

[Event "37th Belgrade Trophy 2024"]
[Site "Belgrade"]
[Date "2024.11.23"]
[Round "7"]
[White "Nastic, Veselin"]
[Black "Dorokhina, Elizaveta"]
[Result "0-1"]
[WhiteElo "1911"]
[BlackElo "2064"]
[Annotator "NA RC"]
[PlyCount "88"]
[EventDate "2024.11.23"]
[EventCountry "SRB"]
[SourceTitle "playchess.com"]
[Source "ChessBase"]
[SourceQuality "1"]

1. e4 e6 2. Qe2 c5 3. Nf3 Nc6 4. g3 d6 5. Bg2 Nf6 6. O-O Be7 $11 7. c3 O-O 8. Rd1 d5 9. e5 Nd7 10. d4 a6 11. h4 b5 12. Bg5 h6 13. Bxe7 Qxe7 14. Nbd2 c4 15. a3 Nb6 16. Ne1 Bd7 17. f4 Rfb8 18. Nf1 Na5 19. Ne3 Nb3 20. Rab1 g6 21. h5 a5 22. N1c2 Nc8 23. hxg6 fxg6 24. Ng4 Kg7 25. Kf2 Na7 26. Rh1 Rh8 27. Rh2 b4 28. axb4 axb4 29. Rbh1 bxc3 30. bxc3 h5 31. Nge3 Nb5 32. Qe1 Ra2 33. Bf3 Na1 34. Kg1 Nxc2 35. Rxc2 Rha8 36. Rxa2 Rxa2 37. g4 Qa3 38. Nd1 Nxd4 39. Qe3 Nxf3+ 40. Qxf3 Qc1 41. f5 exf5 42. Rh2 Ra1 43. Re2 Qxd1+ 44. Kh2 Qg1+ 0-1

[Event "37th Belgrade Trophy 2024"]
[Site "Belgrade"]
[Date "2024.11.23"]
[Round "7"]
[White "Vasilyev, Bulat"]
[Black "Chelushkina, Irina"]
[Result "1-0"]
[WhiteElo "1824"]
[BlackElo "2141"]
[Annotator "RC"]
[PlyCount "113"]
[EventDate "2024.11.23"]
[EventCountry "SRB"]
[SourceTitle "playchess.com"]
[Source "ChessBase"]
[SourceQuality "1"]

1. d4 d5 2. c4 e6 3. Nf3 h6 4. e3 Nf6 5. Bd3 c5 6. cxd5 exd5 7. Nc3 Nc6 8. O-O c4 9. Bb1 Be6 10. e4 Bb4 11. e5 Ng8 12. a3 Ba5 13. Bd2 a6 14. b3 cxb3 15. Qxb3 b5 16. a4 b4 17. Ne2 Nge7 18. Ng3 Bg4 19. Be3 Bb6 20. Nd2 Nxd4 21. Qxb4 Nec6 22. Qa3 h5 23. f3 Be6 24. Re1 h4 25. Ngf1 Qe7 26. Qxe7+ Kxe7 27. f4 Rab8 28. a5 Bc7 29. Ra4 Nf5 30. Bc5+ Kd7 31. Bxf5 Bxf5 32. Ne3 g6 33. Nxd5 Bxa5 34. Nf6+ Kc8 35. Be3 Rd8 36. Rc1 Kb7 37. Nde4 Bxe4 38. Nxe4 Bb4 39. Bc5 a5 40. Bd6 Ra8 41. Kf2 Kb6 42. Ra2 Bxd6 43. Nxd6 Nb4 44. Rb2 Rd7 45. Ke3 Ka6 46. Rc5 Kb6 47. Kd4 Rad8 48. Rb3 Rxd6+ 49. exd6 Rxd6+ 50. Kc4 Rd2 51. Rb5+ Ka6 52. Rg5 Rf2 53. Rf3 Rc2+ 54. Kb3 f5 55. Ka4 Rc6 56. g4 fxg4 57. Rxa5+ 1-0

[Event "37th Belgrade Trophy 2024"]
[Site "Belgrade"]
[Date "2024.11.29"]
[Round "7.1"]
[White "Ughuzov, Ravan"]
[Black "Shchekachev, Andrei"]
[Result "1/2-1/2"]
[WhiteElo "2047"]
[BlackElo "2448"]
[Annotator "TA"]
[PlyCount "24"]
[EventDate "2024.11.23"]
[EventCountry "SRB"]
[SourceTitle "playchess.com"]
[Source "ChessBase"]
[SourceQuality "1"]
[TimeControl "40/5400+30:900+30"]

{[%evp 9,24,0,-2,0,9,-11,0,-3,12,12,13,0,18,0,0,0,23]} 1. e4 {[%emt 1:31:00]} c5 {[%emt 0:05:36]} 2. c3 {[%emt 0:00:00]} Nf6 {[%emt 0:00:15]} 3. e5 {[%emt 0:00:00]} Nd5 {[%emt 0:00:08]} 4. Nf3 {[%emt 0:00:00]} d6 {[%emt 0:00:21]} 5. Bb5+ {[%emt 0:00:00]} Bd7 {[%emt 0:08:28]} 6. Bc4 {[%emt 0:00:00]} e6 {[%emt 0:04:16]} 7. O-O {[%emt 0:00:00]} Nb6 {[%emt 0:02:57]} 8. Bb3 {[%emt 0:00:00]} dxe5 {[%emt 0:27:19]} 9. Nxe5 {[%emt 0:00:00]} Nc6 {[%emt 0:00:06]} 10. Nxd7 {[%emt 0:00:00]} Qxd7 {[%emt 0:00:03]} 11. Re1 {[%emt 0:00:00]} Be7 {[%emt 0:02:48]} 12. Qf3 {[%emt 0:00:00]} Rd8 {[%emt 0:04:00]} 1/2-1/2

[Event "37th Belgrade Trophy 2024"]
[Site "Belgrade"]
[Date "2024.11.29"]
[Round "7.2"]
[White "Bryakin, Mikhail"]
[Black "Martic, Ivan"]
[Result "1/2-1/2"]
[WhiteElo "2435"]
[BlackElo "2261"]
[Annotator "TA"]
[PlyCount "49"]
[EventDate "2024.11.23"]
[EventCountry "SRB"]
[SourceTitle "playchess.com"]
[Source "ChessBase"]
[SourceQuality "1"]
[TimeControl "40/5400+30:900+30"]

{[%evp 15,49,31,34,23,47,43,41,29,24,9,58,46,67,-34,-11,-32,-4,-26,-24,0,0,-27,-10,-10,-24,-31,-75,-42,14,-36,-31,-50,-48,-160,13,-236]} 1. d4 {[%emt 0:03:12]} g6 {[%emt 0:00:10]} 2. c4 {[%emt 0:00:11]} Bg7 {[%emt 0:00:08]} 3. e4 {[%emt 0:01:11]} c5 {[%emt 0:01:10]} 4. d5 {[%emt 0:00:37]} d6 {[%emt 0:00:16]} 5. Nc3 {[%emt 0:00:45]} e6 {[%emt 0:01:38]} 6. Be2 {[%emt 0:03:17]} exd5 {[%emt 0:04:38]} 7. cxd5 {[%emt 0:00:30]} Nf6 {[%emt 0:00:35]} 8. Nf3 {[%emt 0:01:01][%cal Bg1f3,Bf3e5,Be5c4][%mdl 32]} O-O {[%emt 0:00:46]} 9. Be3 {[%emt 0:01:05]} b5 {[%emt 0:06:52]} 10. e5 $1 {[%emt 0:00:22]} (10. Nxb5 Nxe4 11. Nd2 Re8) 10... dxe5 {[%emt 0:01:14]} 11. Bxb5 {[%emt 0:08:00] White is slightly better.} e4 {[%emt 0:03:50]} 12. Ne5 {[%emt 0:05:14]} Qe7 {[%emt 0:02:15]} (12... Nh5 $11 13. Nc6 Nxc6 14. dxc6 (14. Bxc6 Bxc3+ 15. bxc3 Ba6 $16) 14... Qa5) 13. Nc4 $14 {[%emt 0:05:44]} Ng4 {[%emt 0:08:41]} 14. Qe2 {[%emt 0:07:19]} (14. Bf4 $14) 14... Nxe3 $15 {[%emt 0:02:29]} 15. fxe3 {[%emt 0:03:25]} Nd7 {[%emt 0:03:14]} 16. O-O {[%emt 0:08:18]} Rb8 $1 {[%emt 0:01:23]} 17. a4 {[%emt 0:04:12]} a6 {[%emt 0:03:55]} 18. Bc6 {[%emt 0:00:27]} Ne5 $36 {[%emt 0:08:16][%mdl 2048] And now ...Bg4 would win. Black has the initiative.} 19. d6 {[%emt 0:01:33]} Qh4 {[%emt 0:03:07] Hoping for ...Bg4.} 20. Rf4 {[%emt 0:13:41] The board is on fire.} Qh6 {[%emt 0:18:18]} 21. Bd5 {[%emt 0:03:10]} Nd3 {[%emt 0:05:48]} (21... Bf5 $15) 22. Rxe4 {[%emt 0:14:04] [#]} (22. Rxf7 $1 $11 Rxf7 23. Nxe4) 22... Nxb2 $1 {[%emt 0:00:17]} 23. Rc1 {[%emt 0:00:23]} Nxc4 {[%emt 0:00:46]} 24. Qxc4 {[%emt 0:03:36] [#]} (24. Rxc4 $15 Bd4 (24... Be5 25. h3 $15) 25. Re1) 24... Rb2 $2 {[%emt 0:05:14]} (24... Bf5 $1 $17 {[%cal Rf5e4]} 25. Re7 Be6 26. Qxc5 Rbc8) 25. Re7 $2 {[%emt 0:06:37] Weighted Error Value: White=0.24 (precise) /Black=0.22 (precise) .  Loses game:     	White=1     	---        Mistake:       	White=3     	Black=3      Inaccurate:     	White=1     	---        OK:         	White=3     	Black=8      Best:        	White=3     	---        Strong:       	White=1     	Black=1      Brilliant:      	---       	Black=1} (25. Qxc5 $11 {and White has nothing to worry.} Bf5 26. Re7) 1/2-1/2

[Event "37th Belgrade Trophy 2024"]
[Site "Belgrade"]
[Date "2024.11.29"]
[Round "7.3"]
[White "Stanojoski, Zvonko"]
[Black "Triantafilidis, Mihail"]
[Result "1/2-1/2"]
[WhiteElo "2401"]
[BlackElo "2200"]
[Annotator "TA"]
[PlyCount "178"]
[EventDate "2024.11.23"]
[EventCountry "SRB"]
[SourceTitle "playchess.com"]
[Source "ChessBase"]
[SourceQuality "1"]
[TimeControl "40/5400+30:900+30"]

{[%evp 96,178,0,0,0,0,0,0,0,0,0,0,0,0,0,0,0,0,0,0,0,0,0,0,0,0,0,0,0,0,0,0,0,0,8,8,8,8,8,8,8,8,8,8,8,8,8,8,8,8,8,0,0,0,0,0,0,0,0,0,8,8,8,0,0,0,0,0,0,0,0,0,8,0,0,0,0,0,0,0,0,0,0,0,0]} 1. e4 {[%emt 0:04:24]} c5 {[%emt 0:00:06]} 2. Nf3 {[%emt 0:00:15]} d6 {[%emt 0:00:14]} 3. d4 {[%emt 0:00:07]} cxd4 {[%emt 0:00:05]} 4. Nxd4 {[%emt 0:00:03]} Nf6 {[%emt 0:00:09]} 5. Nc3 {[%emt 0:00:04]} Nc6 {[%emt 0:00:07]} 6. Bg5 {[%emt 0:01:27]} Bd7 {[%emt 0:00:35]} 7. Qd2 {[%emt 0:00:32]} Rc8 {[%emt 0:00:17]} 8. f4 {[%emt 0:06:05]} Nxd4 {[%emt 0:11:31]} 9. Qxd4 {[%emt 0:00:08]} Qa5 {[%emt 0:00:05]} 10. e5 {[%emt 0:00:42]} dxe5 {[%emt 0:02:05]} 11. fxe5 {[%emt 0:00:07]} Bc6 {[%emt 0:01:10]} 12. Bd2 {[%emt 0:14:23]} Rd8 {[%emt 0:06:36]} 13. Qf4 {[%emt 0:01:49]} Nd5 {[%emt 0:02:14]} 14. Nxd5 {[%emt 0:00:34]} Qxd5 {[%emt 0:00:08]} 15. Bc4 {[%emt 0:01:09]} Qe4+ {[%emt 0:01:02]} 16. Qxe4 {[%emt 0:00:06]} Bxe4 {[%emt 0:00:02]} 17. Bb5+ {[%emt 0:00:17]} Bc6 {[%emt 0:00:06]} 18. Bxc6+ {[%emt 0:00:05]} bxc6 {[%emt 0:00:05]} 19. e6 {[%emt 0:00:07]} fxe6 {[%emt 0:04:03]} 20. Bc3 {[%emt 0:02:08]} Rg8 {[%emt 0:00:53]} 21. O-O {[%emt 0:03:01]} g6 {[%emt 0:00:21]} 22. Rae1 {[%emt 0:00:49]} Bg7 {[%emt 0:00:34]} 23. Bxg7 {[%emt 0:00:15]} Rxg7 {[%emt 0:00:02]} 24. Rxe6 {[%emt 0:00:08]} Rd6 {[%emt 0:01:49]} 25. Re3 {[%emt 0:03:28]} Rf7 {[%emt 0:01:53]} 26. Rxf7 {[%emt 0:01:32]} Kxf7 {[%emt 0:00:03]} 27. Kf1 {[%emt 0:00:12]} Rd1+ {[%emt 0:04:55]} 28. Ke2 {[%emt 0:00:07]} Rg1 {[%emt 0:01:28]} 29. Kf3 {[%emt 0:01:30]} Rb1 {[%emt 0:01:39]} 30. b3 {[%emt 0:01:19]} Rb2 {[%emt 0:08:07]} 31. Rc3 {[%emt 0:00:14]} Rxa2 {[%emt 0:00:06]} 32. Rxc6 {[%emt 0:00:05]} Ke8 {[%emt 0:02:47]} 33. Rc4 {[%emt 0:01:26]} Kd7 {[%emt 0:04:16]} 34. Ke4 {[%emt 0:01:14]} Kd6 {[%emt 0:18:47]} 35. Kd3 {[%emt 0:04:37]} Ra5 {[%emt 0:01:58]} 36. Rh4 {[%emt 0:01:59]} h5 {[%emt 0:15:57]} 37. g4 {[%emt 0:06:27]} Rd5+ {[%emt 0:02:06]} 38. Ke3 {[%emt 0:00:09]} Re5+ {[%emt 0:02:27]} 39. Kf3 {[%emt 0:00:31]} Rc5 {[%emt 0:00:56]} 40. gxh5 {[%emt 0:03:35]} gxh5 {[%emt 0:01:23]} 41. c4 {[%emt 0:15:55]} a5 {[%emt 0:20:11]} 42. Ke3 {[%emt 0:01:15]} Rf5 {[%emt 0:00:00]} 43. Ke4 {[%emt 0:00:00]} Rg5 {[%emt 0:00:00]} 44. Kd4 {[%emt 0:00:00]} Rf5 {[%emt 0:00:00]} 45. Rh3 {[%emt 0:00:00]} Rf4+ {[%emt 0:00:00]} 46. Ke3 {[%emt 0:00:35]} Rf5 {[%emt 0:00:00]} 47. Ke4 {[%emt 0:00:32]} Re5+ {[%emt 0:00:31]} 48. Kd4 {[%emt 0:00:45]} Rg5 {[%emt 0:00:24]} 49. Rd3 {[%emt 0:00:45]} e6 {[%emt 0:00:33]} 50. Kc3+ {[%emt 0:02:46]} Kc5 {[%emt 0:01:43]} 51. Rd8 {[%emt 0:00:19]} Rf5 {[%emt 0:01:20]} 52. Rc8+ {[%emt 0:01:32]} Kb6 {[%emt 0:01:58]} 53. Re8 {[%emt 0:01:34]} Rf3+ {[%emt 0:00:35]} 54. Kb2 {[%emt 0:00:41]} a4 {[%emt 0:01:15]} 55. Rxe6+ {[%emt 0:00:14]} Kc5 {[%emt 0:00:21]} 56. Re5+ {[%emt 0:00:16]} Kc6 {[%emt 0:00:52]} 57. bxa4 {[%emt 0:06:37]} Rf2+ {[%emt 0:00:05]} 58. Kb3 {[%emt 0:00:04]} Rxh2 {[%emt 0:00:04]} 59. a5 {[%emt 0:00:05]} h4 {[%emt 0:00:09]} 60. a6 {[%emt 0:00:15]} Kb6 {[%emt 0:00:38]} 61. Re6+ {[%emt 0:00:29]} Ka7 {[%emt 0:00:16]} 62. Rh6 {[%emt 0:02:09]} h3 {[%emt 0:00:15]} 63. Kb4 {[%emt 0:02:13]} Rh1 {[%emt 0:01:08]} 64. Kb5 {[%emt 0:00:48]} h2 {[%emt 0:00:11]} 65. Kc5 $1 {[%emt 0:00:16]} Ka8 {[%emt 0:01:18]} (65... Ra1 66. Rxh2 Rxa6 67. Kb5 Rg6) 66. Rh7 {[%emt 0:00:15]} Kb8 {[%emt 0:00:35]} (66... Ra1 {simplifies} 67. Rh8+ Ka7 68. Rxh2 Rxa6 69. Kb5 Rg6) 67. Rb7+ {[%emt 0:01:39]} Ka8 {[%emt 0:00:39]} 68. Rb2 {[%emt 0:00:10]} Ra1 {[%emt 0:00:41]} ({Don't blunder} 68... Ka7 $2 69. Kb5 $18) 69. Rxh2 {[%emt 0:00:15]} Rxa6 {[%emt 0:00:05]} 70. Rb2 {[%emt 0:03:53]} Rh6 {[%emt 0:00:05]} 71. Rb6 {[%emt 0:00:48]} Rh4 {[%emt 0:00:38]} 72. Kb5 {[%emt 0:00:22]} Ka7 {[%emt 0:00:23]} 73. c5 {[%emt 0:00:08]} Rh7 {[%emt 0:01:07]} 74. Ra6+ {[%emt 0:00:51]} Kb8 {[%emt 0:00:45]} 75. Kb6 {[%emt 0:04:01]} Rh1 {[%emt 0:00:28]} 76. Ra2 {[%emt 0:00:39]} Rb1+ {[%emt 0:00:19]} 77. Kc6 {[%emt 0:00:06]} Rh1 {[%emt 0:00:30]} 78. Rb2+ {[%emt 0:01:34]} Ka7 {[%emt 0:00:03]} 79. Rb7+ {[%emt 0:01:22]} Ka6 {[%emt 0:00:26]} 80. Rd7 {[%emt 0:00:16]} Rh6+ {[%emt 0:00:41]} 81. Rd6 {[%emt 0:00:28]} Rh7 {[%emt 0:00:08]} 82. Re6 {[%emt 0:00:23]} (82. Rd1 $5 Rh6+ $8 83. Rd6 $11) 82... Rg7 {[%emt 0:00:53]} 83. Rh6 {[%emt 0:13:45]} Ka7 {[%emt 0:00:04]} 84. Rd6 {[%emt 0:00:56]} Ka6 {[%emt 0:00:08]} 85. Rd1 {[%emt 0:01:44]} Rg6+ {[%emt 0:00:35]} 86. Kd7 {[%emt 0:00:15]} Kb5 {[%emt 0:01:33]} 87. c6 {[%emt 0:00:10]} Rg7+ {[%emt 0:00:03]} 88. Kd6 {[%emt 0:00:24]} Rg6+ {[%emt 0:00:04]} 89. Kd7 {[%emt 0:00:25]} Rg7+ {[%emt 0:00:04]} 1/2-1/2